书目信息 |
| 题名: |
爱的人们
|
|
| 作者: | 川端康成 著 ;谭晶华 译 | |
| 分册: | ||
| 出版信息: | 上海 上海译文出版社 2015 |
|
| 页数: | 138页 | |
| 开本: | 22cm | |
| 丛书名: | ||
| 单 册: | ||
| 中图分类: | I313.45 | |
| 科图分类: | ||
| 主题词: | 短篇小说--小说集--日本--现代 | |
| 电子资源: | ||
| ISBN: | 978-7-5327-6790-8 | |
| 000 | 00892nam0 2200253 450 | |
| 001 | 007862636 | |
| 005 | 20150702140208.0 | |
| 010 | @a978-7-5327-6790-8@b精装@dCNY30.00 | |
| 100 | @a20150712d2015 em y0chiy0120 ea | |
| 101 | 1 | @achi@cjpn |
| 102 | @aCN@b310000 | |
| 105 | @ay z 000ay | |
| 106 | @ar | |
| 200 | 1 | @a爱的人们@9ai de ren men@f川端康成[著]@g谭晶华译 |
| 210 | @a上海@c上海译文出版社@d2015 | |
| 215 | @a138页@d22cm | |
| 330 | @a本书共收录了川端康成9篇短篇名作,包括:《母亲的初恋》、《夜晚的骰子》、《女人的梦》、《燕子童女》、《有关黑痣的信》、《夫唱妇和》、《一个孩子》、《待嫁的人》、《岁暮》。 | |
| 586 | @a | |
| 606 | 0 | @a短篇小说@x小说集@y日本@z现代 |
| 690 | @aI313.45@v5 | |
| 701 | 0 | @c(日)@a川端康成@9chuan duan kang cheng@f(1899.6-1972.4)@4著 |
| 702 | 0 | @a谭晶华@9tan jing hua@4译 |
| 801 | 0 | @aCN@c20150712 |
| 905 | @dI313.45@eC908-18@f2@sI313.45/C908-18@S@Z | |
| 爱的人们/川端康成[著]/谭晶华译.-上海:上海译文出版社,2015 |
| 138页;22cm |
| ISBN 978-7-5327-6790-8(精装):CNY30.00 |
| 本书共收录了川端康成9篇短篇名作,包括:《母亲的初恋》、《夜晚的骰子》、《女人的梦》、《燕子童女》、《有关黑痣的信》、《夫唱妇和》、《一个孩子》、《待嫁的人》、《岁暮》。 |
| ● |
| 相关链接 |
|
|
|
正题名:爱的人们
索取号:I313.45/C908-18
 
预约/预借
| 序号 | 登录号 | 条形码 | 馆藏地/架位号 | 状态 | 备注 |
| 1 | 21619155 | 216191555 | 文学库116/116文学库 14排2列4层/ [索取号:I313.45/C908-18] | 在馆 | |
| 2 | 21619156 | 216191564 | 文学库116/116文学库 14排2列4层/ [索取号:I313.45/C908-18] | 在馆 |